00793nam a22002057a 450000500170000001000150001702000260003203500140005803700090007208200150008110000170009624500780011325000100019126000610020127000980026230000210036094200290038199900190041095201580042920250402120129.0 aENG-144340 a9789383837748c550.00 aEN-127872 bDBAD0421sta370.1 aKusum98009610aUNDERSTANDING DISCIPLINE AND SUBJECTS/ cDr. KUSUM, Dr. ARVIND KUMAR GILL aFIRST aNEW DELHIbVishwagayan Prakashan Sale Distributionc2019 aU-9, Subhash Park, Uttam Nagar,bNew Delhie110059k9899071610k9899521610makgpost@gmail.com a171P.c22 cm(Pb) 2ddccENmKUSe1sth370.1 c210594d210594 001040718NFICaDBADbDBADd2025-04-02eDelivery of Books Act Divisiong550.00l0o370.1 KUSpEN-127872r2025-04-02 00:00:00t1v550.00w2025-04-02yEN